000 00708nam a2200265Ia 4500
003 OSt
005 20221006144119.0
006 a|||||r|||| 00| 0
007 ta
008 221006b |||||||| |||| 00| 0 eng d
020 _c£10.75
024 _a10,905
037 _cTextual
040 _aEASL
_cEASL
_beng
041 _2eng
_aeng
082 _aQ6:621wM12, L3
100 _aBROOMHALL Marshall
_9316979
245 0 _aW. W. Cassels
_b First bishop in Western China
260 _aNew York
_bParagon Book Gallery
_c1973
300 _axxiii,378p.
_ccm.
490 _v CEL
650 _aCEL
942 _hQ6:621wM12, L3
_cTEXL
_2CC
999 _c1078991
_d1078991